书目信息 |
| 题名: |
鲁迅作序跋的著作选辑
|
|
| 作者: | 乐雯 编译 | |
| 分册: | 萧伯纳在上海 | |
| 出版信息: | 上海 上海书店 1985 |
|
| 页数: | 132页 | |
| 开本: | 19cm | |
| 丛书名: | ||
| 单 册: | ||
| 中图分类: | I210.4 | |
| 科图分类: | ||
| 主题词: | ||
| 电子资源: | ||
| ISBN: | ||
| 000 | 00532nam0 2200181 45 | |
| 001 | 0181013645 | |
| 005 | 20060414111053.57 | |
| 010 | @dCNY1.05 | |
| 100 | @a20810111d1985 km y0chiy0120 ea | |
| 101 | 0 | @achi |
| 200 | 1 | @a鲁迅作序跋的著作选辑@Aluxunzuoxubadezhuzuoxuanji@i萧伯纳在上海@f乐雯编译@Fyue wen bian yi |
| 210 | @a上海@c上海书店@d1985 | |
| 215 | @a132页@d19cm | |
| 517 | 1 | @a萧伯纳在上海@Axiao bo na zai shang hai |
| 690 | @aI210.4@v4 | |
| 701 | 0 | @a乐雯@Ayue wen@4编译 |
| 801 | @aCN@bTSTC@c20060414 | |
| 905 | @dI210.4@e118:1(1) | |
| 鲁迅作序跋的著作选辑.萧伯纳在上海/乐雯编译.-上海:上海书店,1985 |
| 132页;19cm |
| ISBN :CNY1.05 |
| ● |
| 相关链接 |
|
|
|
|
正题名:鲁迅作序跋的著作选辑
索取号:I210.4/118:1(1)
 
预约/预借
| 序号 | 登录号 | 条形码 | 馆藏地/架位号 | 状态 | 备注 |
| 1 | 0146314 | 001401673 | 密集书库/ [索取号:I210.4/118:1(1)] | 在馆 |